<?xml version="1.0" encoding="UTF-8"?>
<record
    xmlns:xsi="http://www.w3.org/2001/XMLSchema-instance"
    xsi:schemaLocation="http://www.loc.gov/MARC21/slim http://www.loc.gov/standards/marcxml/schema/MARC21slim.xsd"
    xmlns="http://www.loc.gov/MARC21/slim">

  <leader>00665nab a2200193uuc4500</leader>
  <controlfield tag="001">1243713</controlfield>
  <controlfield tag="005">20240410090610.0</controlfield>
  <controlfield tag="008">110531e20101201                    spa  </controlfield>
  <datafield tag="035" ind1=" " ind2=" ">
    <subfield code="a">1243713</subfield>
  </datafield>
  <datafield tag="035" ind1=" " ind2=" ">
    <subfield code="a">(OCoLC)820585345</subfield>
  </datafield>
  <datafield tag="040" ind1=" " ind2=" ">
    <subfield code="c">comduadb</subfield>
  </datafield>
  <datafield tag="041" ind1=" " ind2=" ">
    <subfield code="a">spa</subfield>
  </datafield>
  <datafield tag="100" ind1="1" ind2="0">
    <subfield code="a">Baena, Hernando Amado</subfield>
    <subfield code="4">aut</subfield>
    <subfield code="e">aut</subfield>
    <subfield code="9">622269</subfield>
  </datafield>
  <datafield tag="245" ind1="1" ind2="0">
    <subfield code="a">Necesidad de unicidad de criterio en la administraci&#xF3;n del recurso h&#xED;drico</subfield>
  </datafield>
  <datafield tag="650" ind1=" " ind2="7">
    <subfield code="a">Recursos h&#xED;dricos</subfield>
    <subfield code="2">lemb</subfield>
    <subfield code="9">34481</subfield>
  </datafield>
  <datafield tag="650" ind1=" " ind2=" ">
    <subfield code="a">Autoridades ambientales</subfield>
    <subfield code="9">69175</subfield>
  </datafield>
  <datafield tag="773" ind1="0" ind2=" ">
    <subfield code="t">&#xC9;psilon: Revista de la Facultad de Ingenier&#xED;a</subfield>
    <subfield code="g">N&#xFA;mero 15, Julio-Diciembre 2010, p. 149-156</subfield>
    <subfield code="w">1068347</subfield>
    <subfield code="x">1692-1259</subfield>
    <subfield code="0">448386</subfield>
  </datafield>
  <datafield tag="942" ind1=" " ind2=" ">
    <subfield code="c">ARIMP</subfield>
  </datafield>
  <datafield tag="999" ind1=" " ind2=" ">
    <subfield code="c">585576</subfield>
    <subfield code="d">585576</subfield>
  </datafield>
</record>
